Statistics for 2022 MLB All-Stars

Click here to take the quiz!

General Stats

  • This quiz has been taken 788 times
  • The average score is 53 of 80

Answer Stats

LeagueTeamPositionAnswer% Correct
ALNYYOFAaron Judge
97%
ALLAAOFMike Trout
97%
ALHOU2BJose Altuve
95%
ALLAADHShohei Ohtani
95%
ALCHWSSTim Anderson
93%
ALTOR1BVladimir Guerrero Jr.
93%
ALBOS3BRafael Devers
92%
ALNYYOFGiancarlo Stanton
91%
NLLADSPTyler Anderson
89%
ALTORCAlejandro Kirk
88%
NLSTL1BPaul Goldschmidt
85%
NLSD3BManny Machado
84%
NLPHIDHBryce Harper
83%
NLATLOFRonald Acuna Jr.
83%
NLLADSSTrea Turner
83%
ALCLE3BJose Ramirez
81%
NLLADOFMookie Betts
81%
NLCHCCWillson Contreras
81%
ALTEXSSCorey Seager
80%
NLNYM1BPete Alonso
80%
ALNYYSPGerrit Cole
79%
ALHOUDHYordan Alvarez
78%
ALMINOFByron Buxton
77%
ALSEAOFJulio Rodriguez
77%
ALBOSSSXander Bogaerts
76%
ALNYYCJose Trevino
75%
ALHOUSPJustin Verlander
75%
NLSTL3BNolan Arenado
75%
NLCOL1BC.J. Cron
73%
NLLAD1BFreddie Freeman
73%
NLWASOFJuan Soto
73%
ALHOUOFKyle Tucker
73%
ALDETRPGregory Soto
72%
NLATL3BAustin Riley
71%
NLLADSPClayton Kershaw
70%
ALTOROFGeorge Springer
70%
ALDETDHMiguel Cabrera
70%
ALSEA1BTy France
70%
NLATLSSDansby Swanson
69%
NLMIA2BJazz Chisholm Jr.
68%
NLMILSPCorbin Burnes
67%
NLNYM2BJeff McNeil
66%
ALNYYSPNestor Cortes
66%
NLATLCWilliam Contreras
66%
ALCLE2BAndres Gimenez
65%
ALBOSDHJ.D. Martinez
65%
NLPHIOFKyle Schwarber
65%
NLMIASPSandy Alcantara
65%
NLATLCTravis d'Arnaud
63%
NLSTL1BAlbert Pujols
62%
ALTORSPAlek Manoah
62%
NLNYMRPEdwin Diaz
61%
NLSFOFJoc Pederson
61%
NLATLSPMax Fried
60%
NLSD2BJake Cronenworth
59%
NLMILRPJosh Hader
59%
ALMIN1BLuis Arraez
59%
ALTBSPShane McClanahan
57%
ALCLERPEmmanuel Clase
56%
ALHOUSPFramber Valdez
56%
NLNYMOFStarling Marte
55%
NLSDSPJoe Musgrove
54%
NLMILRPDevin Williams
50%
NLCHCOFIan Happ
49%
NLSFSPCarlos Rodon
47%
ALTEXSPMartin Perez
45%
ALNYYRPClay Holmes
44%
ALCHWRPLiam Hendriks
44%
NLCINSPLuis Castillo
44%
ALTOR2BSantiago Espinal
44%
ALKCOFAndrew Benintendi
43%
ALTORRPJordan Romano
41%
NLPITRPDavid Bednar
38%
ALOAKSPPaul Blackburn
37%
ALBALRPJorge Lopez
35%
NLLADSPTony Gonsolin
35%
NLSTLSPMiles Mikolas
33%
NLSTLRPRyan Helsley
32%
NLMIA1BGarrett Cooper
28%
NLARIRPJoe Mantiply
23%

Score Distribution

Percentile by Number Answered

Percent of People with Each Score

Your Score History

You have not taken this quiz